[Event "DEM U12 2023"]
[Site "Willingen GER"]
[Date "2023.05.29"]
[Round "3"]
[White "Junge, Mattheo Gabriel"]
[Black "Radeke, Timothy"]
[Result "1-0"]
[Termination "normal"]
[Board "21"]
[WhiteElo "1302"]
[BlackElo "1485"]
[WhiteClock "00:16:41"]
[BlackClock "00:42:23"]
[PlyCount "99"]
[WhiteFideId "34605908"]
[BlackFideId "16289412"]
[EventCountry "GER"]
[EventRounds "9"]
[EventType "swiss"]
[EventDate "2023.05.27"]

1. e4 {[%clk 01:30:53]} {[%emt 00:00:06]} e5 {[%clk 01:30:56]} {[%emt
00:00:04]} 2. Nf3 {[%clk 01:31:14]} {[%emt 00:00:09]} Nc6 {[%clk 01:31:22]}
{[%emt 00:00:05]} 3. Bb5 {[%clk 01:31:25]} {[%emt 00:00:18]} a6 {[%clk
01:31:43]} {[%emt 00:00:09]} 4. Ba4 {[%clk 01:31:42]} {[%emt 00:00:13]} Nf6
{[%clk 01:32:07]} {[%emt 00:00:06]} 5. O-O {[%clk 01:31:56]} {[%emt 00:00:15]}
Be7 {[%clk 01:32:34]} {[%emt 00:00:05]} 6. Re1 {[%clk 01:31:18]} {[%emt
00:01:08]} b5 {[%clk 01:32:56]} {[%emt 00:00:08]} 7. Bb3 {[%clk 01:31:40]}
{[%emt 00:00:08]} O-O {[%clk 01:33:21]} {[%emt 00:00:05]} 8. a4 {[%clk
01:31:27]} {[%emt 00:00:43]} b4 {[%clk 01:32:48]} {[%emt 00:01:04]} 9. d3
{[%clk 01:27:49]} {[%emt 00:04:07]} Bc5 {[%clk 01:32:05]} {[%emt 00:01:13]} 10.
c3 {[%clk 01:26:05]} {[%emt 00:02:13]} bxc3 {[%clk 01:25:45]} {[%emt 00:06:51]}
11. bxc3 {[%clk 01:26:15]} {[%emt 00:00:20]} d6 {[%clk 01:25:21]} {[%emt
00:00:55]} 12. h3 {[%clk 01:20:40]} {[%emt 00:06:03]} Be6 {[%clk 01:22:46]}
{[%emt 00:03:05]} 13. Nbd2 {[%clk 01:19:09]} {[%emt 00:02:01]} Rb8 {[%clk
01:22:14]} {[%emt 00:01:03]} 14. Bc4 {[%clk 01:16:35]} {[%emt 00:03:03]} a5
{[%clk 01:12:18]} {[%emt 00:10:27]} 15. Ba3 {[%clk 01:09:32]} {[%emt 00:07:33]}
Ba7 {[%clk 01:09:28]} {[%emt 00:03:21]} 16. Rb1 {[%clk 01:05:10]} {[%emt
00:04:52]} Nd7 {[%emt 00:04:58]} 17. Qc2 {[%clk 00:52:09]} {[%emt 00:13:27]}
Nb6 {[%clk 01:02:11]} {[%emt 00:03:22]} 18. Bb5 {[%clk 00:50:08]} {[%emt
00:02:31]} Ne7 {[%clk 00:58:13]} {[%emt 00:04:29]} 19. d4 {[%clk 00:42:34]}
{[%emt 00:08:03]} f6 {[%clk 00:57:07]} {[%emt 00:01:36]} 20. Red1 {[%clk
00:31:43]} {[%emt 00:11:22]} Ng6 {[%clk 00:56:06]} {[%emt 00:01:31]} 21. Nb3
{[%clk 00:29:13]} {[%emt 00:02:59]} Nc4 {[%clk 00:55:24]} {[%emt 00:01:13]} 22.
Bxc4 {[%clk 00:29:07]} {[%emt 00:00:36]} Bxc4 {[%clk 00:55:52]} {[%emt
00:00:02]} 23. Nxa5 {[%clk 00:29:25]} {[%emt 00:00:12]} Rxb1 {[%clk 00:56:11]}
{[%emt 00:00:12]} 24. Rxb1 {[%clk 00:29:45]} {[%emt 00:00:09]} Be6 {[%clk
00:55:54]} {[%emt 00:00:47]} 25. Nc6 {[%clk 00:29:32]} {[%emt 00:00:41]} Qa8
{[%clk 00:56:04]} {[%emt 00:00:22]} 26. Nxa7 {[%clk 00:28:37]} {[%emt
00:01:25]} Qxa7 {[%clk 00:56:33]} 27. dxe5 {[%clk 00:19:05]} {[%emt 00:10:02]}
fxe5 {[%clk 00:56:33]} {[%emt 00:00:30]} 28. Ng5 {[%clk 00:19:22]} {[%emt
00:00:13]} Nf4 {[%clk 00:53:41]} {[%emt 00:03:23]} 29. Nxe6 {[%clk 00:19:00]}
{[%emt 00:00:52]} Nxe6 {[%clk 00:54:03]} {[%emt 00:00:07]} 30. Qa2 {[%clk
00:18:52]} {[%emt 00:00:38]} Rf6 {[%clk 00:54:09]} {[%emt 00:00:25]} 31. Bc1
{[%clk 00:18:40]} {[%emt 00:00:40]} Kf8 {[%clk 00:53:47]} {[%emt 00:00:54]} 32.
Be3 {[%clk 00:18:52]} {[%emt 00:00:16]} Qa8 {[%clk 00:53:20]} {[%emt 00:00:59]}
33. a5 {[%clk 00:18:48]} {[%emt 00:00:34]} Qa6 {[%clk 00:48:14]} {[%emt
00:05:36]} 34. Rb8+ {[%clk 00:17:56]} {[%emt 00:01:21]} Ke7 {[%clk 00:47:17]}
{[%emt 00:01:28]} 35. Qa4 {[%clk 00:17:59]} {[%emt 00:00:25]} Rf8 {[%clk
00:46:59]} {[%emt 00:00:49]} 36. Rxf8 {[%clk 00:17:32]} {[%emt 00:00:58]} Nxf8
{[%clk 00:47:00]} {[%emt 00:00:29]} 37. Bg5+ {[%clk 00:17:24]} {[%emt
00:00:36]} Kf7 {[%clk 00:46:55]} {[%emt 00:00:37]} 38. Bd8 {[%clk 00:17:05]}
{[%emt 00:00:48]} Qc8 {[%clk 00:45:30]} {[%emt 00:01:56]} 39. Bg5 {[%clk
00:15:58]} {[%emt 00:01:36]} h6 {[%clk 00:43:56]} {[%emt 00:02:06]} 40. a6
{[%clk 00:14:32]} {[%emt 00:01:55]} Nd7 {[%clk 00:42:19]} {[%emt 00:02:07]} 41.
Be3 {[%clk 00:14:35]} {[%emt 00:00:26]} Nb6 {[%clk 00:39:32]} {[%emt 00:03:18]}
42. Bxb6 {[%clk 00:14:20]} {[%emt 00:00:45]} cxb6 {[%clk 00:39:59]} {[%emt
00:00:04]} 43. a7 {[%clk 00:14:09]} {[%emt 00:00:39]} Qxc3 {[%clk 00:39:58]}
{[%emt 00:00:32]} 44. Qa2+ {[%clk 00:14:29]} {[%emt 00:00:10]} Kf6 {[%clk
00:40:18]} {[%emt 00:00:10]} 45. a8=Q {[%clk 00:14:49]} {[%emt 00:00:10]} Qc1+
{[%clk 00:40:38]} {[%emt 00:00:10]} 46. Kh2 {[%clk 00:15:12]} {[%emt 00:00:07]}
Qf4+ {[%clk 00:41:04]} {[%emt 00:00:05]} 47. g3 {[%clk 00:15:36]} {[%emt
00:00:05]} Qf3 {[%clk 00:41:29]} {[%emt 00:00:04]} 48. Qf8+ {[%clk 00:16:02]}
{[%emt 00:00:05]} Kg6 {[%clk 00:41:56]} {[%emt 00:00:04]} 49. Qxf3 {[%clk
00:16:24]} {[%emt 00:00:08]} b5 {[%clk 00:42:23]} {[%emt 00:00:03]} 50. Qf5#
{[%clk 00:16:41]} {[%emt 00:00:12]} 1-0

[Event "DEM U12 2023"]
[Site "Willingen GER"]
[Date "2023.05.29"]
[Round "3"]
[White "Tomi, Emilian"]
[Black "Dodul, Arthur"]
[Result "0-1"]
[Termination "normal"]
[Board "22"]
[WhiteElo "1552"]
[BlackElo "1613"]
[WhiteClock "00:02:10"]
[BlackClock "00:15:36"]
[PlyCount "82"]
[WhiteFideId "34651829"]
[BlackFideId "34609016"]
[EventCountry "GER"]
[EventRounds "9"]
[EventType "swiss"]
[EventDate "2023.05.27"]

1. e4 {[%clk 01:30:59]} c5 {[%clk 01:30:56]} {[%emt 00:00:05]} 2. Nf3 {[%clk
01:31:20]} {[%emt 00:00:09]} Nc6 {[%clk 01:31:18]} {[%emt 00:00:08]} 3. d4
{[%clk 01:31:44]} {[%emt 00:00:05]} cxd4 {[%clk 01:31:44]} {[%emt 00:00:04]} 4.
Nxd4 {[%clk 01:32:07]} {[%emt 00:00:07]} g6 {[%clk 01:32:08]} {[%emt 00:00:05]}
5. c4 {[%clk 01:30:11]} {[%emt 00:02:27]} Bg7 {[%clk 01:32:25]} {[%emt
00:00:13]} 6. Be3 {[%clk 01:30:36]} {[%emt 00:00:05]} Qb6 {[%clk 01:32:45]}
{[%emt 00:00:09]} 7. Nb3 {[%clk 01:18:50]} {[%emt 00:12:18]} Qc7 {[%clk
01:32:21]} {[%emt 00:00:53]} 8. Qc2 {[%clk 01:18:00]} {[%emt 00:01:21]} Nf6
{[%clk 01:29:52]} {[%emt 00:02:59]} 9. f3 {[%clk 01:16:51]} {[%emt 00:01:39]}
d6 {[%clk 01:28:22]} {[%emt 00:02:00]} 10. Nc3 {[%clk 01:14:40]} {[%emt
00:02:41]} O-O {[%clk 01:22:45]} {[%emt 00:06:06]} 11. Be2 {[%clk 01:12:33]}
{[%emt 00:02:38]} Nb4 {[%clk 01:08:39]} {[%emt 00:14:32]} 12. Qd2 {[%clk
01:12:07]} {[%emt 00:01:00]} a6 {[%clk 00:54:57]} {[%emt 00:14:12]} 13. Rc1
{[%clk 01:00:52]} {[%emt 00:11:45]} e6 {[%clk 00:51:12]} {[%emt 00:04:16]} 14.
Na4 {[%clk 00:49:14]} {[%emt 00:12:07]} Nc6 {[%clk 00:50:55]} {[%emt 00:00:42]}
15. Nb6 {[%clk 00:49:23]} {[%emt 00:00:25]} Rb8 {[%clk 00:50:37]} {[%emt
00:00:46]} 16. O-O {[%clk 00:49:12]} {[%emt 00:00:43]} Nd7 {[%clk 00:47:21]}
{[%emt 00:03:46]} 17. Nxc8 {[%clk 00:47:44]} {[%emt 00:01:58]} Rfxc8 {[%clk
00:43:17]} {[%emt 00:04:32]} 18. Rfd1 {[%clk 00:43:33]} {[%emt 00:04:42]} Bf8
{[%clk 00:42:48]} {[%emt 00:00:58]} 19. Nd4 {[%clk 00:41:26]} {[%emt 00:02:39]}
Nxd4 {[%clk 00:41:37]} {[%emt 00:01:40]} 20. Bxd4 {[%clk 00:39:35]} {[%emt
00:02:22]} e5 {[%clk 00:40:17]} {[%emt 00:01:49]} 21. Be3 {[%clk 00:38:27]}
{[%emt 00:01:39]} Re8 {[%clk 00:38:25]} {[%emt 00:02:20]} 22. b4 {[%clk
00:37:03]} {[%emt 00:01:55]} b6 {[%clk 00:37:27]} {[%emt 00:01:27]} 23. Rc2
{[%clk 00:35:52]} {[%emt 00:01:42]} Red8 {[%clk 00:33:20]} {[%emt 00:04:34]}
24. Bh6 {[%clk 00:32:18]} {[%emt 00:04:07]} Bxh6 {[%clk 00:30:53]} {[%emt
00:02:56]} 25. Qxh6 {[%clk 00:32:24]} {[%emt 00:00:25]} Nf6 {[%clk 00:29:56]}
{[%emt 00:01:24]} 26. Rcd2 {[%clk 00:30:51]} {[%emt 00:02:06]} b5 {[%clk
00:25:43]} {[%emt 00:04:42]} 27. cxb5 {[%clk 00:27:03]} {[%emt 00:04:19]} axb5
{[%clk 00:24:39]} {[%emt 00:01:34]} 28. Qg5 {[%clk 00:27:21]} {[%emt 00:00:12]}
Nh5 {[%clk 00:22:50]} {[%emt 00:02:17]} 29. g3 {[%clk 00:26:45]} {[%emt
00:01:08]} Ng7 {[%clk 00:21:50]} {[%emt 00:01:24]} 30. Rd5 {[%clk 00:24:28]}
{[%emt 00:02:52]} Ne6 {[%clk 00:21:57]} {[%emt 00:00:22]} 31. Qd2 {[%clk
00:24:34]} {[%emt 00:00:25]} Nd4 {[%clk 00:21:48]} {[%emt 00:00:38]} 32. Kf1
{[%clk 00:23:35]} {[%emt 00:01:31]} Qb6 {[%clk 00:21:35]} {[%emt 00:00:38]} 33.
f4 {[%clk 00:21:14]} {[%emt 00:02:56]} f6 {[%clk 00:18:57]} {[%emt 00:03:08]}
34. fxe5 {[%clk 00:15:00]} {[%emt 00:06:44]} fxe5 {[%clk 00:19:04]} {[%emt
00:00:22]} 35. Qb2 {[%clk 00:14:14]} {[%emt 00:01:16]} Rf8+ {[%clk 00:18:54]}
{[%emt 00:00:41]} 36. Kg2 {[%clk 00:14:32]} {[%emt 00:00:11]} Rbc8 {[%clk
00:16:27]} {[%emt 00:02:56]} 37. R1xd4 {[%clk 00:03:38]} {[%emt 00:11:24]} exd4
{[%clk 00:16:43]} {[%emt 00:00:15]} 38. Rxb5 {[%clk 00:02:49]} {[%emt
00:01:19]} Qa7 {[%clk 00:15:45]} {[%emt 00:01:25]} 39. Rd5 {[%clk 00:02:20]}
{[%emt 00:01:03]} Qf7 {[%clk 00:15:02]} {[%emt 00:01:08]} 40. Qxd4 {[%clk
00:01:42]} {[%emt 00:01:12]} Rc2 {[%clk 00:15:21]} {[%emt 00:00:09]} 41. Qe3
{[%clk 00:02:10]} {[%emt 00:00:04]} Qf1# {[%clk 00:15:36]} {[%emt 00:00:13]}
0-1

[Event "DEM U12 2023"]
[Site "Willingen GER"]
[Date "2023.05.29"]
[Round "3"]
[White "Gavrylyuk, Oleksandr"]
[Black "Rau, Eduard"]
[Result "1-0"]
[Termination "normal"]
[Board "23"]
[WhiteElo "1226"]
[BlackElo "1393"]
[WhiteClock "00:55:17"]
[BlackClock "00:42:20"]
[PlyCount "61"]
[WhiteFideId "34609083"]
[BlackFideId "16287231"]
[EventCountry "GER"]
[EventRounds "9"]
[EventType "swiss"]
[EventDate "2023.05.27"]

1. e4 {[%clk 01:30:57]} {[%emt 00:00:03]} c5 {[%clk 01:30:53]} {[%emt
00:00:08]} 2. Nf3 {[%clk 01:31:22]} {[%emt 00:00:04]} Nc6 {[%clk 01:31:19]}
{[%emt 00:00:05]} 3. d4 {[%clk 01:31:46]} {[%emt 00:00:06]} cxd4 {[%clk
01:31:44]} {[%emt 00:00:05]} 4. Nxd4 {[%clk 01:32:10]} {[%emt 00:00:06]} g6
{[%clk 01:32:10]} {[%emt 00:00:05]} 5. Nc3 {[%clk 01:32:35]} {[%emt 00:00:05]}
Bg7 {[%clk 01:32:08]} {[%emt 00:00:32]} 6. Be3 {[%clk 01:32:56]} {[%emt
00:00:09]} Nf6 {[%clk 01:32:27]} {[%emt 00:00:10]} 7. Bc4 {[%clk 01:33:20]}
{[%emt 00:00:07]} O-O {[%clk 01:32:46]} {[%emt 00:00:11]} 8. O-O {[%clk
01:32:44]} {[%emt 00:01:05]} d6 {[%clk 01:32:48]} {[%emt 00:00:28]} 9. h3
{[%clk 01:33:03]} {[%emt 00:00:11]} Bd7 {[%clk 01:31:29]} {[%emt 00:01:49]} 10.
Bb3 {[%clk 01:33:03]} {[%emt 00:00:30]} Na5 {[%clk 01:31:08]} {[%emt 00:00:51]}
11. f4 {[%clk 01:32:39]} {[%emt 00:00:54]} Nxb3 {[%clk 01:31:26]} {[%emt
00:00:12]} 12. axb3 {[%clk 01:33:00]} {[%emt 00:00:09]} Bh6 {[%clk 01:30:01]}
{[%emt 00:01:55]} 13. Qf3 {[%clk 01:31:13]} {[%emt 00:02:14]} e5 {[%clk
01:27:43]} {[%emt 00:02:51]} 14. fxe5 {[%clk 01:31:23]} {[%emt 00:00:19]} Bxe3+
{[%clk 01:28:09]} {[%emt 00:00:04]} 15. Qxe3 {[%clk 01:31:35]} {[%emt
00:00:18]} dxe5 {[%clk 01:28:37]} {[%emt 00:00:03]} 16. Nf3 {[%clk 01:31:37]}
{[%emt 00:00:28]} Qc7 {[%clk 01:21:22]} {[%emt 00:07:45]} 17. Qh6 {[%clk
01:29:50]} {[%emt 00:02:16]} Qb6+ {[%clk 01:19:37]} {[%emt 00:02:16]} 18. Kh1
{[%clk 01:29:40]} {[%emt 00:00:39]} Rfc8 {[%clk 01:12:02]} {[%emt 00:08:05]}
19. Nxe5 {[%clk 01:27:23]} {[%emt 00:02:46]} Be8 {[%clk 01:11:34]} {[%emt
00:00:59]} 20. Qh4 {[%clk 01:24:03]} {[%emt 00:03:48]} Nh5 {[%clk 01:08:27]}
{[%emt 00:03:38]} 21. Nd5 {[%clk 01:22:39]} {[%emt 00:01:55]} Qd8 {[%clk
01:08:09]} {[%emt 00:00:48]} 22. Qf2 {[%clk 01:21:27]} {[%emt 00:01:42]} Qd6
{[%clk 01:05:47]} {[%emt 00:02:51]} 23. Nxf7 {[%clk 01:16:53]} {[%emt
00:05:03]} Ng3+ {[%clk 01:02:09]} {[%emt 00:04:09]} 24. Kg1 {[%clk 01:16:26]}
{[%emt 00:00:56]} Qc5 {[%clk 01:01:17]} {[%emt 00:01:23]} 25. Ne3 {[%clk
01:06:41]} {[%emt 00:10:15]} Nxf1 {[%clk 00:58:24]} {[%emt 00:03:23]} 26. Rxf1
{[%clk 01:04:46]} {[%emt 00:02:25]} Rc7 {[%clk 00:54:47]} {[%emt 00:04:08]} 27.
Nh6+ {[%clk 01:03:34]} {[%emt 00:01:42]} Kg7 {[%clk 00:55:12]} {[%emt
00:00:05]} 28. b4 {[%clk 00:56:10]} {[%emt 00:07:54]} Qxb4 {[%clk 00:42:24]}
{[%emt 00:13:18]} 29. Qf6+ {[%clk 00:55:09]} {[%emt 00:01:31]} Kxh6 {[%clk
00:42:36]} {[%emt 00:00:09]} 30. Nf5+ {[%clk 00:55:32]} {[%emt 00:00:15]} Kh5
{[%clk 00:42:20]} {[%emt 00:00:46]} 31. Qh4# {[%clk 00:55:17]} {[%emt
00:00:44]} 1-0

[Event "DEM U12 2023"]
[Site "Willingen GER"]
[Date "2023.05.29"]
[Round "3"]
[White "Shevchenko, Igor"]
[Black "Lehmann, Anton"]
[Result "1-0"]
[Termination "normal"]
[Board "24"]
[WhiteElo "1432"]
[BlackElo "1285"]
[WhiteClock "00:47:08"]
[BlackClock "01:16:24"]
[PlyCount "33"]
[WhiteFideId "34634924"]
[BlackFideId "34660267"]
[EventCountry "GER"]
[EventRounds "9"]
[EventType "swiss"]
[EventDate "2023.05.27"]

1. d4 {[%clk 01:30:59]} d5 {[%clk 01:30:54]} {[%emt 00:00:06]} 2. c4 {[%clk
01:31:25]} {[%emt 00:00:04]} e5 {[%clk 01:31:20]} {[%emt 00:00:04]} 3. dxe5
{[%emt 00:00:55]} d4 {[%clk 01:31:42]} {[%emt 00:00:06]} 4. Nf3 {[%clk
01:31:17]} {[%emt 00:00:15]} Nc6 {[%clk 01:32:07]} {[%emt 00:00:06]} 5. g3
{[%clk 01:31:16]} {[%emt 00:00:31]} Nge7 {[%clk 01:31:51]} {[%emt 00:00:45]} 6.
Bg2 {[%clk 01:30:45]} {[%emt 00:01:00]} Ng6 {[%clk 01:31:57]} {[%emt 00:00:25]}
7. O-O {[%clk 01:22:11]} {[%emt 00:09:04]} Ngxe5 {[%clk 01:29:11]} {[%emt
00:03:15]} 8. Nxe5 {[%clk 01:20:49]} {[%emt 00:01:53]} Nxe5 {[%clk 01:29:29]}
{[%emt 00:00:12]} 9. b3 {[%clk 01:16:38]} {[%emt 00:04:42]} h5 {[%clk
01:24:20]} {[%emt 00:05:38]} 10. Bb2 {[%clk 01:14:40]} {[%emt 00:02:28]} c5
{[%clk 01:23:43]} {[%emt 00:01:08]} 11. e3 {[%clk 01:02:38]} {[%emt 00:12:32]}
Nc6 {[%clk 01:21:21]} {[%emt 00:02:51]} 12. Bxc6+ {[%clk 00:56:58]} {[%emt
00:06:10]} bxc6 {[%clk 01:21:46]} {[%emt 00:00:05]} 13. exd4 {[%clk 00:56:54]}
{[%emt 00:00:34]} cxd4 {[%clk 01:21:14]} {[%emt 00:01:03]} 14. Re1+ {[%clk
00:56:00]} {[%emt 00:01:24]} Be7 {[%clk 01:21:38]} {[%emt 00:00:06]} 15. Bxd4
{[%clk 00:53:33]} {[%emt 00:02:57]} f6 {[%clk 01:19:52]} {[%emt 00:02:16]} 16.
Nc3 {[%clk 00:47:08]} {[%emt 00:06:55]} Bh3 {[%clk 01:16:24]} {[%emt 00:03:58]}
17. Bc5 {[%emt 00:09:30]} 1-0

[Event "DEM U12 2023"]
[Site "Willingen GER"]
[Date "2023.05.29"]
[Round "3"]
[White "Greive, Jakob"]
[Black "Prashanthakumar, Arju"]
[Result "1/2-1/2"]
[Termination "normal"]
[Board "25"]
[WhiteElo "1551"]
[BlackElo "1291"]
[WhiteClock "00:59:07"]
[BlackClock "00:26:58"]
[PlyCount "57"]
[WhiteFideId "34603476"]
[BlackFideId "34604065"]
[EventCountry "GER"]
[EventRounds "9"]
[EventType "swiss"]
[EventDate "2023.05.27"]

1. e4 {[%clk 01:30:56]} {[%emt 00:00:03]} e6 {[%clk 01:30:54]} {[%emt
00:00:07]} 2. d4 {[%clk 01:31:21]} {[%emt 00:00:05]} d5 {[%clk 01:31:20]}
{[%emt 00:00:04]} 3. exd5 {[%clk 01:31:44]} {[%emt 00:00:06]} exd5 {[%clk
01:31:45]} {[%emt 00:00:06]} 4. Bd3 {[%clk 01:32:04]} {[%emt 00:00:10]} Nc6
{[%clk 01:31:19]} {[%emt 00:00:56]} 5. c3 {[%clk 01:32:14]} {[%emt 00:00:18]}
Bd6 {[%clk 01:30:55]} {[%emt 00:00:55]} 6. Nf3 {[%clk 01:31:58]} {[%emt
00:00:45]} Nge7 {[%clk 01:30:45]} {[%emt 00:00:41]} 7. Be3 {[%clk 01:31:56]}
{[%emt 00:00:32]} Bf5 {[%clk 01:29:48]} {[%emt 00:01:27]} 8. O-O {[%clk
01:30:39]} {[%emt 00:01:46]} O-O {[%clk 01:27:53]} {[%emt 00:02:26]} 9. Bg5
{[%clk 01:30:01]} {[%emt 00:01:07]} Bxd3 {[%clk 01:24:56]} {[%emt 00:03:29]}
10. Qxd3 {[%clk 01:30:08]} {[%emt 00:00:23]} h6 {[%clk 01:23:20]} {[%emt
00:02:07]} 11. Bh4 {[%clk 01:27:31]} {[%emt 00:03:07]} Qd7 {[%clk 01:22:43]}
{[%emt 00:01:07]} 12. Nbd2 {[%clk 01:26:52]} {[%emt 00:01:09]} Nf5 {[%clk
01:20:37]} {[%emt 00:02:36]} 13. Bg3 {[%clk 01:26:50]} {[%emt 00:00:31]} Nxg3
{[%clk 01:20:03]} {[%emt 00:01:04]} 14. fxg3 {[%clk 01:26:56]} {[%emt
00:00:23]} Ne7 {[%clk 01:13:49]} {[%emt 00:06:45]} 15. Rae1 {[%clk 01:22:28]}
{[%emt 00:04:58]} Rae8 {[%clk 01:08:16]} {[%emt 00:06:03]} 16. a3 {[%clk
01:20:49]} {[%emt 00:02:08]} Nc8 {[%clk 01:02:38]} {[%emt 00:06:09]} 17. Rxe8
{[%clk 01:16:57]} {[%emt 00:04:22]} Rxe8 {[%clk 01:02:35]} {[%emt 00:00:33]}
18. Nh4 {[%clk 01:16:03]} {[%emt 00:01:22]} Bf8 {[%clk 00:54:21]} {[%emt
00:08:45]} 19. Qf3 {[%clk 01:13:58]} {[%emt 00:02:35]} c6 {[%clk 00:51:13]}
{[%emt 00:03:39]} 20. Nf5 {[%clk 01:10:38]} {[%emt 00:03:49]} Nd6 {[%clk
00:44:49]} {[%emt 00:06:55]} 21. Nxd6 {[%clk 01:10:16]} {[%emt 00:00:51]} Bxd6
{[%clk 00:45:12]} {[%emt 00:00:07]} 22. c4 {[%clk 01:07:39]} {[%emt 00:03:07]}
dxc4 {[%clk 00:41:18]} {[%emt 00:04:24]} 23. Nxc4 {[%clk 01:07:20]} {[%emt
00:00:48]} Bb8 {[%clk 00:39:00]} {[%emt 00:02:49]} 24. Rd1 {[%clk 01:05:14]}
{[%emt 00:02:36]} Bc7 {[%clk 00:30:21]} {[%emt 00:09:10]} 25. d5 {[%clk
01:00:54]} {[%emt 00:04:48]} cxd5 {[%clk 00:29:23]} {[%emt 00:01:30]} 26. Rxd5
{[%clk 01:00:53]} {[%emt 00:00:31]} Qc6 {[%clk 00:27:36]} {[%emt 00:02:16]} 27.
Qd3 {[%clk 00:59:49]} {[%emt 00:01:35]} Bb6+ {[%clk 00:26:42]} {[%emt
00:01:25]} 28. Nxb6 {[%clk 00:59:29]} {[%emt 00:00:49]} Qxb6+ {[%clk 00:26:58]}
{[%emt 00:00:13]} 29. Qd4 {[%clk 00:59:07]} {[%emt 00:00:50]} 1/2-1/2